Физические явления - Армагеддон - Statistics

General Stats
  • This quiz has been taken 52 times
  • The average score is 4 of 19
Answers on the Grid
Answers color-coded by a green-red scale on the quiz's grid according to % correct below.
Диффузия
Инфантилизация
Аллитерация
Резонанс
Полиморфизм
Дегустация
Импеданс
Сцинтилляция
Гальванизация
Фиброз
Эффект Манделы
Метонимия
Этатизм
Огни святого Эльма
Электромагнетизм
Ренессанс
Тургор
Электрофорез
Квантование
Эффект Вертера
Эффект Магнуса
Конхоида
Красное смещение
Эффект Холла
Сублимация
Карнавализация
Транзакция
Амуниция
Декоммунизация
Ассонанс
Эффект Доплера
Медиация
Фотосинтез
Фрикция
Синхронизация
Бусификация
Промискуитет
Девальвация
Прокламация
Ферментация
Дегуманизация
Антропоцентризм
Экзальтация
Верификация
Эффект Черенкова
Метаболизм
Анахронизм
Амнистия
Унификация
Дефрагментация
 
Answer Stats
Answer % Correct
Диффузия
91%
Резонанс
61%
Электромагнетизм
42%
Гальванизация
33%
Эффект Доплера
21%
Сублимация
18%
Фотосинтез
18%
Метаболизм
15%
Электрофорез
12%
Синхронизация
12%
Ферментация
12%
Эффект Черенкова
12%
Фиброз
9%
Эффект Магнуса
9%
Эффект Холла
9%
Красное смещение
6%
Фрикция
6%
Огни святого Эльма
3%
Сцинтилляция
0%
No matching quizzes found
Score Distribution
Percent of People with Each Score
Percentile by Number Answered
Your Score History
You have not taken this quiz